| 000 | 00640cab a2200217 4500 | ||
|---|---|---|---|
| 001 | ABS39924 | ||
| 008 | 090401t1988 xxu||||| |||| 00| 0 eng d | ||
| 035 | _a(Sirsi) u20093 | ||
| 041 | _aeng | ||
| 100 | _aComyn, C. | ||
| 245 | _aGetting the government to listen to building experts | ||
| 260 | _c1988 | ||
| 350 | _a0 | ||
| 490 |
_aEstates Times _v(967) 21 October 1988, 17(1) |
||
| 520 | _aReviews some of the comments in the government proposals to introduce VAT on construction works. | ||
| 650 | _aPROPERTY-COMMERCIAL PROPERTY | ||
| 650 | _aCONSTRUCTION INDUSTRY | ||
| 690 | _aTAXATION | ||
| 942 | _n0 | ||
| 948 | _c04/03/1997 | ||
| 999 |
_c13462 _d13462 |
||